01116nam a2200193Ia 4500001000800000003001000008008004100018040002500059041001300084100001500097245004000112250001100152260009200163300001200255500026200267501011400529520026200643650001700905L000-59IT-CnALBA170116s9999||||xx |||||||||||||| ||und|| aIT-CnALBAcIT-CnALBA aITALIANO aSOLA MARIA 0aSTRUMENTI DI COMUNICAZIONE SOCIALE  a1a ed. aCINISELLO BALSAMO (MI)bEDIZIONI PAOLINEc1968 [1° Ed.:1968 - Ed.Ling.Originale: 1968] a126 p.  aSTRMENTI DI COMUNICAZIONE SOCIALE E TRASFORMAZIONE NEL MONDO. I FORUM. STAMPA DI INFORMAZIONE E OPINIONE PUBBLICA. PERIODICI DI SVAGO. PERIODICI DELLA GIOVENTÙ. STAMPA PER RAGAZZI. CINEMA OGGI. RADIO TELEVISIONE E FAMIGLIA. DISCHI, CANZONI, MUSICA LEGGERA aSocietà San Paolo EM - Piazza San Paolo, 14 - 12051 ALBA (CN) (non commercial uses only) ® Copyright 2017 aSTRMENTI DI COMUNICAZIONE SOCIALE E TRASFORMAZIONE NEL MONDO. I FORUM. STAMPA DI INFORMAZIONE E OPINIONE PUBBLICA. PERIODICI DI SVAGO. PERIODICI DELLA GIOVENTÙ. STAMPA PER RAGAZZI. CINEMA OGGI. RADIO TELEVISIONE E FAMIGLIA. DISCHI, CANZONI, MUSICA LEGGERA aGENERALITÀ